DAVID T.MASON -Forestry Advocate / (Record no. 5444)
[ view plain ]
| 000 -LEADER | |
|---|---|
| fixed length control field | 00615nam a22002297a 4500 |
| 001 - CONTROL NUMBER | |
| JCCL Control Number | 5444 |
| 003 - CONTROL NUMBER IDENTIFIER | |
| JCCL marc code | BD-JhCC |
| 005 - DATE AND TIME OF LATEST TRANSACTION | |
| control field | 20180103174846.0 |
| 008 - FIXED-LENGTH DATA ELEMENTS--GENERAL INFORMATION | |
| fixed length control field | 171214s1983 i |||| ||a| 000 0 eng d |
| 020 ## - INTERNATIONAL STANDARD BOOK NUMBER | |
| International Standard Book Number | 0890300445 |
| 035 ## - SYSTEM CONTROL NUMBER | |
| system control number | (BD-JhCC) 5444 |
| 040 ## - CATALOGING SOURCE | |
| Original cataloging agency | BD-JhCC |
| Modifying agency | BD-JhCC |
| 041 ## - LANGUAGE CODE | |
| Language code of Book | eng |
| 082 ## - DEWEY DECIMAL CLASSIFICATION NUMBER | |
| Classification number | 634.90924 |
| Author mark and Year | RIC 1983 |
| 100 ## - MAIN ENTRY--PERSONAL NAME | |
| Personal name | Richrdson, Elmo |
| 245 ## - TITLE STATEMENT | |
| Title | DAVID T.MASON -Forestry Advocate / |
| Statement of responsibility, etc | Elmo Richrdson |
| 260 ## - PUBLICATION, DISTRIBUTION, ETC. (IMPRINT) | |
| Place of publication, distribution, etc | 125 p .: |
| Name of publisher, distributor, etc | Forest History Society Inc / |
| 300 ## - PHYSICAL DESCRIPTION | |
| Pagination | 125 p .: |
| Dimensions | 22 cm . |
| 650 ## - SUBJECT ADDED ENTRY--TOPICAL TERM | |
| Topical term or geographic name as entry element | Forest mananement, United Status |
| Form subdivision | Biography |
| 942 ## - ADDED ENTRY ELEMENTS (KOHA) | |
| Source of classification or shelving scheme | Dewey Decimal Classification |
| Koha item type | Books |
| Source of classification or shelving scheme | Damaged status | Not for loan | Home library | Current library | Shelving location | Date of accession | Total Checkouts | Full call number | Barcode | Date last seen | Copy number | Koha item type |
|---|---|---|---|---|---|---|---|---|---|---|---|---|
| Dewey Decimal Classification | JCC Rouf Library | JCC Rouf Library | General Stacks | 12/14/2017 | 634.90924 RIC 1983 | 7530 | 12/14/2017 | C - 1 | Books |